000 02857nam a2200373 a 4500
003 BLK
005 20240425083556.0
008 180410b bul|||||r ||||||| ||bul||
010 _aKNG00167788000
040 _aBLK
041 _aBUL
_cBUL
072 7 _2bullib
_aК
_xКраезнание
072 7 _2bullib
_aЯ
_xАвтографи
080 _aБългарска литература
_b821.163.2
_x-31
_z821.163.2-31
100 _aНемиров, Добри
_d03.02.1882 – 30.09.1945
_gДобри Немиров е псевдоним на Добри Зарафов – български писател, председател на Съюза на българските писатели в периода 1937 – 1940 г. Поради липса на средства се самообразова, работи като дребен чиновник, библиотекар в БКД и в Министерството на благоустройството. За пръв път Немиров печата разкази през 1902 г. Сътрудничи на списанията „Учителска мисъл“, „Народен живот“, Демократически преглед“, „Хиперион“ и др. Автор е на повестите „Роб“, „Дялба“, „Бедния Лука“; романите „Братя“, „Кошмар“, „Другият“, „Ангелогласният“, „Първи бразди“, „Дело № 9“; разказите за деца „Когато бях малък“ и др. Пише пътеписи, рецензии и отзиви за художествени изложби, филми, театрални постановки и драма.
_qЗафиров, Добри Харалампиев
_9251710
139 _aНемиров, Добри
_bН 53
245 1 0 _aПърви бразди
_bРоман
_cДобри Немиров.
257 _aBGR
260 _aСофия
_bРодина
_c1929
300 _a272 с.
_c25 см
380 _aX
500 _aДобри Немиров - псевд. на Добри Харалампиев Зарафов. - 3500 тир.
590 _aАвтографът е за Тодор Дашков
659 _aК
659 _aЯ
852 _aЦб 8.200.2554
_bЦб
852 _aК 821.163.2/Н 53 Д
_bК
856 _fПърви бразди
_lreg users access
_qpdf
_uhttp://185.138.176.146:18082/cgi-bin/koha/opac-retrieve-file.pl?id=62eb64c8306de767776811063f655b54
_xebook
_zПърви бразди
942 _cKNG
_n0
_s1
944 _aCR
_c27.11.2014
_lНора Радева
_k30545
944 _aED
_c10.06.2015
_l27.11.2014 - от С1,Р / 27.11.2014
_kВаля_Йорданова
944 _aED
_c2023-04-19
_kРенета Константинова
999 _c160562
_d160562
999 _d160562